00774nam a2200205 a 450000100100000000500170001000800410002702000150006804000250008308200170010810000430012524500720016826000340024030000360027450000680031050000430037804900090042195201210043099900170055100002300820200930021928.0101124s1999 sp ad r 000 0 spa d a1563281287 aDO-SdBNPbspacBNPHU axxxxxbF314f1 aFeliciano Rivera, José Raúl94733314aLas fórmulas de la redacción /cJosé Raúl Feliciano Rivera. aMadrid :bPlaza Mayor,c1999. a223 p. :bil., retrs. ;c26 cm. aIncluye referencia biográfica del autor en la contracubierta. aIncluye notas al pie de las páginas. aBNGR 001054708MOaGRbGRcCTd2010-11-24iLF1l0oxxxxx F314fp23008-10r2020-06-25w2020-06-25y4ZPréstamo en sala c22505d22505